000 00572nam a2200181 i 4500
001 51359
003 ES-MaACL
005 20230906162337.0
007 t|
008 030812s1968 sp ||||1| spa d
100 1 _aDahl, Robert Alan.
_942441
245 1 0 _aAnálisis sociológico de la política /
_cRobert A. Dahl ; [traducido al castellano por Antonio de P. Külman].
250 _a[1ª ed.].
260 _aBarcelona :
_b[Fontanella],
_c1968.
300 _a144 p. :
_bil. ;
_c23 cm.
700 1 _aKülman, Antonio de P.
_969011
852 _aES-MaACL
_jG-8442
_bR.65770
999 _c51359
_d51359